000
00207 a2200097 4500
020
_a
7441025501739
041
_a
spa
100
_a
Alphonse Daudet
245
_a
El sitio de Berlin y otros Cuentos
942
_c
BK
999
_c
15961
_d
15961